The Psocoptera of tropical South-east Asia

Saved in:
書目詳細資料
主要作者: New, T. R.
企業作者: ebrary, Inc
其他作者: Lienhard, Charles
格式: 電子 電子書
語言:英语
出版: Leiden ; Boston : Brill, 2007.
叢編:Fauna Malesiana handbooks ; 6.
主題:
在線閱讀:An electronic book accessible through the World Wide Web; click to view
標簽: 添加標簽
沒有標簽, 成為第一個標記此記錄!

MARC

LEADER 00000nam a2200000Ia 4500
001 0000137189
005 20171002061442.0
006 m u
007 cr cn|||||||||
008 070430s2007 ne ab sb 001 0 eng d
010 |z  2007296889 
020 |z 9004149023 
020 |z 9789004149021 
035 |a (CaPaEBR)ebr10483759 
035 |a (OCoLC)741611612 
040 |a CaPaEBR  |c CaPaEBR 
050 1 4 |a QL515  |b .N493 2007eb 
082 0 4 |a 595.7/320959  |2 22 
100 1 |a New, T. R. 
245 1 4 |a The Psocoptera of tropical South-east Asia  |h [electronic resource] /  |c T.R. New & C. Lienhard. 
260 |a Leiden ;  |a Boston :  |b Brill,  |c 2007. 
300 |a ix, 290 p. :  |b ill., maps. 
490 1 |a Fauna Malesiana handbook,  |x 1388-3895 ;  |v 6 
504 |a Includes bibliographical references (p. 262-278) and index. 
533 |a Electronic reproduction.  |b Palo Alto, Calif. :  |c ebrary,  |d 2011.  |n Available via World Wide Web.  |n Access may be limited to ebrary affiliated libraries. 
650 0 |a Psocoptera. 
650 0 |a Psocoptera  |z Southeast Asia. 
655 7 |a Electronic books.  |2 local 
700 1 |a Lienhard, Charles. 
710 2 |a ebrary, Inc. 
830 0 |a Fauna Malesiana handbooks ;  |v 6. 
856 4 0 |u http://site.ebrary.com/lib/daystar/Doc?id=10483759  |z An electronic book accessible through the World Wide Web; click to view 
908 |a 170314 
942 0 0 |c EB 
999 |c 126338  |d 126338